000 00583nam a2200205Ia 4500
005 20230608143832.0
008 131103s9999 xx 000 0 und d
040 _aLoreto College
041 _aEnglish
082 _a808.3
_bHAR
100 _aHardy, Barbare
245 4 _aThe appropriate form
_b an essay on the novel
_cby Barbara Hardy
260 _aLondon
_bUniversity of London
_c1964
300 _a[6],218 p.
504 _aIncludes appendex and index
650 _aLiterature -
651 _aRhetoric style -Novel - Structure -Novel -
850 _aLCLIB
942 _cBK
999 _c1035
_d51514